Discurso comemorativo do tricentenario de morte de Luis de Camoes
Salvato in:
| Autore principale: | |
|---|---|
| Natura: | Libro |
| Lingua: | portoghese |
| Pubblicazione: |
Río de Janeiro
Igreja positivista do Brasil
1977
|
| Soggetti: | |
| Tags: |
Aggiungi Tag
Nessun Tag, puoi essere il primo ad aggiungerne!!
|
MARC
| LEADER | 00000nam a2200000 a 4500 | ||
|---|---|---|---|
| 001 | UCI1347 | ||
| 003 | CL-VaPUC | ||
| 008 | 070629e19770000BL |||||||||||||||||por|d | ||
| 082 | 0 | 4 | |a 928.9469 |b MEN |2 21 |
| 100 | |a Mendes, Raimundo Teixeira |e autor |9 521796 | ||
| 245 | 1 | 0 | |a Discurso comemorativo do tricentenario de morte de Luis de Camoes |
| 300 | |a 77 p | ||
| 942 | |c BK | ||
| 945 | |d 20070629 00:00:00 |a rbrito | ||
| 260 | |a Río de Janeiro |b Igreja positivista do Brasil |c 1977 | ||
| 600 | 0 | |a Camões, Luís de |9 450221 | |
| 650 | 7 | |a POESIA PORTUGUESA |2 CL-VaPUC |9 371961 | |
| 650 | 0 | |a Historia y crítica |9 257407 | |
| 650 | 7 | |a LITERATURA PORTUGUESA |2 CL-VaPUC |9 370842 | |
| 651 | 7 | |a PORTUGAL |2 CL-VaPUC |9 255007 | |
| 583 | |a last modification |c 20070629 00:00:00 |k Rodrigo Vera | ||
| 999 | |c 326176 |d 326174 | ||
| 952 | |0 0 |1 0 |4 0 |6 928_946900000000000_MEN_1977 |7 0 |8 A |9 407938 |a BIBTEO |b BIBTEO |d 2019-11-22 |i 2089335 |o 928.9469 MEN 1977 |p 2089335 |r 2025-01-17 |w 2019-11-22 |y BK |k ICR | ||